National Biography for India / (Record no. 23647)

MARC details
000 -LEADER
fixed length control field 00646nam a22001577a 4500
003 - CONTROL NUMBER IDENTIFIER
control field BDDh-ASL
005 - DATE AND TIME OF LATEST TRANSACTION
control field 20231015030253.0
008 - FIXED-LENGTH DATA ELEMENTS--GENERAL INFORMATION
fixed length control field 210401n ||||| |||| 00| 0 eng d
040 ## - CATALOGING SOURCE
Original cataloging agency BDDh-ASL
Transcribing agency BDDh-ASL
082 ## - DEWEY DECIMAL CLASSIFICATION NUMBER
Classification number 920.5
Item number NAT
245 ## - TITLE STATEMENT
Title National Biography for India /
300 ## - PHYSICAL DESCRIPTION
Extent 96 p. :
Dimensions 24 cm.
505 ## - FORMATTED CONTENTS NOTE
Formatted contents note 1. Sir Gurudas Banerjea, 2. Rai Siva Sankar Sahai Bahadur, 3. Nawab Sir Khawaja Ahsanulla Bahadur, 4. Sir Sivaswami Iyer, 5. Kashinath Trimbak Telang, 6. Sir Sunder Lal, 7. Guru Prasad Sen, 8. Rai Kalikadas Dutt Bahadur, 9. Maulana Shiblee Nomani, 10. Bapu Deva Sastri.
650 #0 - SUBJECT ADDED ENTRY--TOPICAL TERM
9 (RLIN) 1339
Topical term or geographic name entry element Biography
942 ## - ADDED ENTRY ELEMENTS (KOHA)
Source of classification or shelving scheme Dewey Decimal Classification
Koha item type Books
Holdings
Withdrawn status Lost status Source of classification or shelving scheme Damaged status Not for loan Collection code Home library Current library Shelving location Date acquired Source of acquisition Total Checkouts Full call number Barcode Date last seen Copy number Price effective from Koha item type Public note
    Dewey Decimal Classification Damaged   Non-fiction Asiatic Society Library Asiatic Society Library General Stacks 04/01/2021 ASB Library Collections   920.5 NAT 108141 04/01/2021 C-1 04/01/2021 Books RARE

Powered by Koha